Ostracising the ghost of namka chu: Defending Kameng (Record no. 515314)

000 -LEADER
fixed length control field 00836nam a22001577a 4500
008 - FIXED-LENGTH DATA ELEMENTS--GENERAL INFORMATION
fixed length control field 210121b ||||| |||| 00| 0 eng d
100 ## - MAIN ENTRY--PERSONAL NAME
Personal name Ahuja, Anil.
245 ## - TITLE STATEMENT
Title Ostracising the ghost of namka chu: Defending Kameng
260 ## - PUBLICATION, DISTRIBUTION, ETC. (IMPRINT)
Place of publication, distribution, etc U.S.I. Journal
300 ## - PHYSICAL DESCRIPTION
Extent 150(621), Jul-Sep, 2020: p. 271-287
520 ## - SUMMARY, ETC.
Summary, etc This article briefly recapitulates the 1962 war operations in the Kameng Sector to bring out the suggested manner in which operations should be conducted against the People’s Liberation Army (PLA), should a need arise in the present time. Such a threat from the PLA is very real keeping in mind present tensions on the Line of Actual Control (LAC).- Reproduced
650 ## - SUBJECT ADDED ENTRY--TOPICAL TERM
Topical term or geographic name as entry element 1962 war, Kameng sector, Line of actual control (LAC)
9 (RLIN) 23634
773 ## - HOST ITEM ENTRY
Main entry heading U.S.I. Journal
906 ## - LOCAL DATA ELEMENT F, LDF (RLIN)
Subject DIP DEFENCE
942 ## - ADDED ENTRY ELEMENTS (KOHA)
Item type Articles
Holdings
Withdrawn status Lost status Source of classification or shelving scheme Damaged status Not for loan Permanent location Current location Date acquired Serial Enumeration / chronology Barcode Date last seen Koha item type
          Indian Institute of Public Administration Indian Institute of Public Administration 2021-01-21 150(621), Jul-Sep, 2020: p. 271-287 AR123858 2021-01-21 Articles

Powered by Koha